000 00634nam a2200217Ia 4500
008 160803s9999 xx 000 0 und d
020 _a9780439276078
100 _aPalatini, Margie
245 _aBedhead /
245 _cby Margie Palatini ; illustrated by Jack E. Davis.
260 _aNew York :
260 _bScholastic Inc.
260 _c2000
300 _a1 volume (unpaged) :
300 _bcolor illustrations ;
300 _c28 cm
500 _a"This edition is only available for distribution through the school market"--Page 4 of cover.
650 _aHair --
650 _xJuvenile fiction.
700 _a140
999 _c298933
_d298933